| 000 | 00570nam a2200157 4500 | ||
|---|---|---|---|
| 999 |
_c16271 _d16271 |
||
| 008 | 210920b ||||| |||| 00| 0 eng d | ||
| 022 | _a0732-8435 | ||
| 082 | _aDPer 657.05 C33 Apr - Sept 2016, v86 n4-9 | ||
| 100 |
_aKraten, Michael. _943603 |
||
| 245 |
_aReimagining the financial ratios: _bcomparing brand values in the technology industry/ _cMichael Kraten. |
||
| 260 |
_aNew York: _bThe New York State Society of CPA, _c©2016. |
||
| 300 |
_av86 n6, page 14; _billustrations: _c28 cm. |
||
| 521 | _aThe CPA Journal | ||
| 650 |
_aFinance. _943604 |
||
| 942 |
_2ddc _cPER |
||